Quiz o 2 wojnie światowej - Statystyki

Ogólne statystyki
  • Ten quiz został rozwiązany 72 razy
  • Średni wynik to 6 z 52
Statystyki odpowiedzi
Hint Odpowiedź % Poprawnych
data wybuchu 2 wojny światowej 1 września 1939
98%
data ataka zsrr na polske 17 września 1939
78%
wielka brytania i francja wypowiadają wojne niemcom 3 września 1939
62%
upadek warszawy 28 września 1939
46%
niemcy atakują holandie,belgie i luksemburg 10 maja 1940
21%
Początek operacji barbarossa 22 czerwca 1941
21%
Koniec 2 wojny światowej w europie 8 maja 1945
19%
Wybuch Powstania Warszawskiego. 1 sierpnia 1944
17%
W Berlinie samobójstwo popełnił Hitler. 30 kwietnia 1945
16%
Japoński atak na amerykańską bazę morską Pearl Harbor 7 grudnia 1941
16%
Bezwarunkowa kapitulacja japonii i koniec 2 wony światowej 2 września 1945
14%
niemcy atakują danie i norwegię 9 kwietnia 1940
14%
ewakuacja wojsk z dunkierki 26 maja 1940
13%
atak zsrr na finlandie 30 listopada 1939
13%
Amerykanie zrzucili bombę atomową na Hiroszimę. 6 sierpnia 1945
13%
Amerykanie zrzucili bombę atomową na Nagasaki. 9 sierpnia 1945
13%
Kapitulacja belgii 28 maja 1940
10%
początek operacji overlord (d-day) 6 czerwca 1944
10%
kapitulacja holandii 15 maja 1940
8%
Kapitulacja Francji 22 czerwca 1940
8%
Niemcy i Włochy wypowiedziały Stanom Zjednoczonym wojnę. 11 grudnia 1941
6%
Wojska niemieckie wkroczyły do Paryża. 14 czerwca 1940
6%
Początek nieudanej niemieckiej ofensywy pod Kurskiem – największa bitwa pancerna II wojny światowej. 5 lipca 1943
6%
koniec wojny zimowej 12 marca 1940
5%
zsrr wkracza na litwe 15 czerwca 1940
5%
armia Czerwona wkroczyła do Tallina i Rygi. 16 czerwca 1940
5%
Początek Konferencji Wielkiej Trójki w Poczdamie 17 lipca 1945
5%
Pocaątek Konferencji Wielkiej Trójki w Jałcie 4 lutego 1945
5%
Japonia wypowiedziała wojnę Stanom Zjednoczonym, Wielkiej Brytanii, Australii i Kanadzie. 8 grudnia 1941
5%
Początek Powstania w getcie warszawskim. 19 kwietnia 1943
3%
Wojska sowieckie zajęły należącą do Rumunii Besarabię i północną Bukowinę. 27 czerwca 1940
3%
Początek Konferencji Wielkiej Trójki w Teheranie 28 listopada 1943
3%
Do Rzymu wkroczyły oddziały amerykańskie. 4 czerwca 1944
3%
Lądowanie wojsk alianckich na Sycylii. 10 lipca 1943
2%
Wojska włoskie zdobyły Sidi Barrani w Egipcie. 16 września 1940
2%
Początek walk o Stalingrad. 19 sierpnia 1942
2%
początek ostatecznego rozwiązania kwestii żydowskiej 20 stycznia 1942
2%
We Włoszech Benito Mussolini został odsunięty od władzy przez Wielką Radę Faszystowską i aresztowany. 25 lipca 1943
2%
Niemcy, Włochy i Japonia podpisały pakt trójstronny 27 września 1940
2%
Atak wojsk włoskich na Grecję. 28 października 1940
2%
Kapitulacja wojsk niemieckich pod Stalingradem 2 lutego 1943
2%
Początek niemieckiej ofensywy na Moskwę. 30 września 1941
2%
Atak wojsk niemieckich na Jugosławię i Grecję. 6 kwietnia 1941
2%
Ogłoszenie zawieszenia broni z Włochami. 8 września 1943
2%
Prezydent Franklin D. Roosevelt podpisał ustawę Lend-Lease. 11 marca 1941
0%
Wojska brytyjskie zajęły Tobruk. 13 listopada 1942
0%
Wojska japońskie zdobyły Singapur. 15 lutego 1942
0%
Kapitulacja wojsk włoskich w Etiopii. 18 maja 1941
0%
Rumunia wypowiada wojnę Niemcom. 25 sierpnia 1944
0%
Ofensywa wojsk niemieckich w Afryce Północnej. 28 marca 1941
0%
Początek Bitwy o Midway. 3 czerwca 9142
0%
Wojska japońskie zajęły całe Filipiny. 6 maja 1942
0%
Nie znaleziono quizów pasujących do podanych kryteriów
Rozkład punktacji
Procent ludzi z każdym wynikiem
Percentyl według liczby udzielonych odpowiedzi
Twoja historia wyników
Nie rozwiązałeś tego quizu